| 000 | 00441cam a2200181ua 4500 | ||
|---|---|---|---|
| 020 | _c1.00 | ||
| 041 |
_amal _h |
||
| 082 |
_a894.8127 _bRAJ/VA |
||
| 100 | _aRajendran, Kattayil . | ||
| 245 |
_aValakkaran pappuvinnu Vattu / _cKattayil Rajendran. _hTextual Documents |
||
| 250 |
_a1 / _b. |
||
| 260 |
_aKollam : _bModern Book , _c1962. |
||
| 300 | _a74 ; . | ||
| 365 | _a1.00 | ||
| 504 | _a | ||
| 942 | _cBK | ||
| 999 |
_c6664 _d6664 |
||